| 000 | 00614nam a22001577a 4500 | ||
|---|---|---|---|
| 008 | 121116t xxu||||| |||| 00| 0 eng d | ||
| 020 | _a9988094094 | ||
| 050 | _aHD58.8..K13 | ||
| 100 | _aKannae, Lawrence A. | ||
| 245 |
_aManaging organizational change: a handbook for practioners. / _cLawrence A. kannae |
||
| 260 | _c2007. | ||
| 300 |
_avii, 93 p.: _bill.; _c20cm. |
||
| 500 | _aIncludes bibliographical references | ||
| 505 | _aIntroduction -- The Nature of change -- The Process of change -- Introducing and managing change -- Managing change in the public sector -- Figures -- Appendices | ||
| 942 |
_2lcc _cBK |
||
| 999 |
_c2527 _d10027 |
||